[Event "1st Binhai Cup 2018"]
[Site "Tianjin CHN"]
[Date "2018.12.26"]
[Round "2.18"]
[White "Wang, Zijian"]
[Black "Gu, Tianlu"]
[Result "1-0"]
[BlackTitle "WIM"]
[WhiteElo "1839"]
[BlackElo "2231"]
[WhiteFideId "8619034"]
[BlackFideId "8603995"]
[EventDate "2018.12.25"]

1. e4 c5 2. Nf3 Nc6 3. Bb5 g6 4. Bxc6 bxc6 5. O-O Bg7 6. Re1 Nh6 7. c3 O-O 8. h3
f5 9. e5 Nf7 10. d3 Ba6 11. Na3 e6 12. Nc4 Bxc4 13. dxc4 g5 14. Be3 g4 15. hxg4
fxg4 16. Nh2 g3 17. fxg3 Nxe5 18. Bxc5 Rf5 19. Bd4 Qc7 20. Qe2 Ng6 21. Qd3 Rg5
22. Bxg7 Kxg7 23. Qd4+ e5 24. Qe3 h6 25. Rad1 d6 26. b4 Rd8 27. a4 d5 28. Qc5 e4
29. cxd5 Qxg3 30. Qxa7+ Kg8 31. Qf2 Qxf2+ 32. Kxf2 Rf8+ 33. Ke3 cxd5 34. g4 Rc8
35. Kd2 Ne5 36. a5 Nc4+ 37. Kc2 h5 38. Kb3 hxg4 39. Nxg4 Rxg4 40. Rxd5 e3 41. a6
Re4 42. Rf5 Re7 43. Rg1+ Rg7 44. Ra1 Rcc7 45. Rc5 Nd2+ 46. Kc2 Rcd7 47. Rc8+ Kh7
48. Rh1+ Kg6 49. Re1 Kf6 50. Rxe3 Rg2 51. Rh3 Ne4+ 52. Kb3 Nd6 53. Rh6+ Ke5 54.
Rc5+ Ke4 55. Re6+ Kf4 56. Rd5 Rc7 57. Rdxd6 Rg3 58. Rc6 Rd7 59. Rf6+ Ke5 60. b5
Rg2 61. b6 1-0

[Event "1st Binhai Cup 2018"]
[Site "Tianjin CHN"]
[Date "2018.12.26"]
[Round "2.19"]
[White "Nie, Xinyang"]
[Black "Wang, Xiaoyan"]
[Result "1-0"]
[WhiteElo "2229"]
[BlackElo "1943"]
[WhiteFideId "8607222"]
[BlackFideId "8623015"]
[EventDate "2018.12.25"]

1. d4 Nf6 2. c4 g6 3. Nf3 Bg7 4. g3 O-O 5. Bg2 d6 6. O-O Nfd7 7. Nc3 e5 8. Bg5
f6 9. Be3 a5 10. Qd2 exd4 11. Nxd4 Ne5 12. h3 c6 13. b3 Nf7 14. Rad1 Na6 15. Nc2
Qe7 16. Na4 Bf5 17. Nd4 Be4 18. f3 Bf5 19. Nxf5 gxf5 20. Bb6 Nc5 21. Nxc5 dxc5
22. Bxa5 Rfe8 23. Rfe1 Bh6 24. f4 Qe3+ 25. Qxe3 Rxe3 26. Kf2 Re6 27. Bb6 Rxa2
28. Bxc5 Bf8 29. Bxf8 Kxf8 30. c5 Rb2 31. Rd3 Rc2 32. b4 Rb2 33. Rd4 Re8 34. Bf3
Ra8 35. Red1 Kg8 36. Bh5 Nh8 37. Rd8+ Rxd8 38. Rxd8+ Kg7 39. Rd7+ Kh6 40. Rxb7
Kxh5 41. Rxh7+ Kg6 42. Rxh8 Rxb4 43. Rc8 Rc4 44. Rxc6 Rc3 45. Rc8 Kg7 46. c6 Kh7
47. c7 Kg7 48. Ke1 Kh7 49. Kd2 1-0

[Event "1st Binhai Cup 2018"]
[Site "Tianjin CHN"]
[Date "2018.12.26"]
[Round "2.20"]
[White "Zhang, Lanlin"]
[Black "Zhong, Kangmin"]
[Result "1-0"]
[WhiteElo "2178"]
[BlackElo "1825"]
[WhiteFideId "8608032"]
[BlackFideId "8618887"]
[EventDate "2018.12.25"]

1. e4 c5 2. Nf3 Nc6 3. d4 cxd4 4. Nxd4 Nf6 5. Nc3 e5 6. Nxc6 bxc6 7. Bc4 Bc5 8.
O-O O-O 9. Bg5 Rb8 10. a3 Be7 11. b4 d6 12. Qd3 Nh5 13. Be3 Nf4 14. Qd2 Be6 15.
Bxe6 fxe6 16. Bxa7 Rb7 17. Be3 d5 18. Ne2 Rd7 19. Nxf4 exf4 20. Bxf4 dxe4 21.
Qe3 Bf6 22. Rab1 Bd4 23. Qxe4 Rff7 24. Be3 e5 25. a4 Qb6 26. a5 1-0

[Event "1st Binhai Cup 2018"]
[Site "Tianjin CHN"]
[Date "2018.12.26"]
[Round "2.21"]
[White "Li, Yihao"]
[Black "Wu, huanghui"]
[Result "0-1"]
[WhiteElo "1809"]
[BlackElo "2164"]
[WhiteFideId "8616299"]
[BlackFideId "8623929"]
[EventDate "2018.12.25"]

1. e4 e5 2. Nf3 Nc6 3. Bb5 a6 4. Ba4 Nf6 5. O-O Nxe4 6. d4 b5 7. Bb3 d5 8. dxe5
Be6 9. c3 Bc5 10. a4 b4 11. cxb4 Nxb4 12. Nc3 O-O 13. Qe2 Bf5 14. Bf4 Rb8 15.
Rad1 Nxc3 16. bxc3 Nd3 17. Rxd3 Bxd3 18. Qxd3 Rxb3 19. Ng5 g6 20. Qh3 h5 21. e6
f6 22. Qd3 Qe7 23. Qxg6+ Qg7 24. Qxg7+ Kxg7 25. e7 Bxe7 26. Ne6+ Kf7 27. Nxf8
Bxf8 28. Bxc7 Rxc3 29. Bb6 Ra3 30. a5 Bb4 31. g3 Bxa5 32. Bxa5 Rxa5 33. Re1 d4
34. Kf1 Rd5 35. Ra1 d3 36. Ke1 a5 37. Kd2 Ke6 38. Ra3 Kd6 39. f3 Kc6 40. Rxd3 a4
41. Kc2 Rxd3 42. Kxd3 Kd5 43. g4 h4 44. f4 a3 45. Kc3 Ke4 46. f5 h3 47. Kb3 Kf4
48. Kxa3 Kxg4 0-1

[Event "1st Binhai Cup 2018"]
[Site "Tianjin CHN"]
[Date "2018.12.26"]
[Round "2.22"]
[White "Bai, Xue"]
[Black "Mi, Tenglong"]
[Result "1-0"]
[WhiteElo "2133"]
[BlackElo "1717"]
[WhiteFideId "8608717"]
[BlackFideId "8623627"]
[EventDate "2018.12.25"]

1. e4 c5 2. Nf3 d6 3. d4 cxd4 4. Nxd4 Nf6 5. Nc3 g6 6. g3 Nc6 7. Bg2 Nxd4 8.
Qxd4 Bg7 9. O-O O-O 10. Qd3 Nd7 11. Be3 Ne5 12. Qe2 Be6 13. Nd5 Rc8 14. c3 b6
15. Bd4 Qd7 16. f4 Bg4 17. Qf2 Nc6 18. Bxg7 Kxg7 19. Ne3 Bh3 20. f5 Bxg2 21. f6+
Kh8 22. Kxg2 Qe6 23. Qf4 Qxf6 24. Qxf6+ exf6 25. Rxf6 Rce8 26. Rxd6 Rxe4 27.
Rxc6 Rxe3 28. Rf1 Re7 29. Rd6 Kg7 30. Rf2 Rc8 31. Rd4 Rc5 32. c4 b5 33. b3 bxc4
34. bxc4 Rec7 35. Rc2 Rf5 36. g4 Ra5 37. Kf3 Kf6 38. h4 Ra3+ 39. Kf4 h6 40. g5+
hxg5+ 41. hxg5+ Kg7 42. c5 Ra6 43. Ke5 Rac6 44. Kd5 f6 45. gxf6+ Kxf6 46. Rf4+
Kg5 47. Rf8 Kh5 48. Rh8+ Kg5 49. Rd8 Kh5 50. Rd6 Rxd6+ 51. Kxd6 1-0

[Event "1st Binhai Cup 2018"]
[Site "Tianjin CHN"]
[Date "2018.12.26"]
[Round "2.23"]
[White "Lu, Miaoyi"]
[Black "Hu, Zehua"]
[Result "0-1"]
[WhiteElo "1737"]
[BlackElo "2104"]
[WhiteFideId "8618020"]
[BlackFideId "8603472"]
[EventDate "2018.12.25"]

1. d4 Nf6 2. c4 e6 3. g3 d5 4. Nf3 Be7 5. Bg2 O-O 6. O-O c6 7. Nbd2 Nbd7 8. Qc2
b6 9. e4 dxe4 10. Nxe4 Nxe4 11. Qxe4 Bb7 12. Bf4 Nf6 13. Qe2 Bd6 14. Bxd6 Qxd6
15. Rad1 a5 16. Ne5 a4 17. Rd2 Rfd8 18. Rfd1 Qc7 19. Qf3 Rac8 20. b4 axb3 21.
axb3 Ne8 22. b4 f6 23. Ng4 Nd6 24. Qe2 Qf7 25. c5 Nb5 26. Qc4 bxc5 27. dxc5 Rxd2
28. Rxd2 Re8 29. Ne3 Nc7 30. Rd6 Nd5 31. Nc2 Qh5 32. Qd3 Qe5 33. f4 Qb2 34. Bh3
Qc1+ 35. Kg2 Qxc2+ 36. Qxc2 Ne3+ 37. Kf2 Nxc2 38. Bxe6+ Kh8 39. b5 Nb4 40. bxc6
Bxc6 41. Rxc6 Nxc6 42. Bd7 Rd8 43. Bxc6 Rc8 44. Bg2 Rxc5 45. h4 Rc3 46. Bd5 g6
47. h5 gxh5 48. Bf3 Rc2+ 49. Kg1 h4 50. g4 Rc4 51. f5 Rc3 52. Be2 Kg7 53. Kg2
Kh6 54. Bd1 Kg5 55. Kf2 Kf4 56. Kg2 Rc1 57. Be2 Rc2 58. Kf2 h3 59. Kf1 h2 60.
Kg2 Rxe2+ 61. Kh1 Kg3 62. g5 Re1# 0-1

[Event "1st Binhai Cup 2018"]
[Site "Tianjin CHN"]
[Date "2018.12.26"]
[Round "2.24"]
[White "Wu, David Tai-Wei"]
[Black "Yan, Tianqi"]
[Result "1-0"]
[WhiteElo "1630"]
[BlackElo "2098"]
[WhiteFideId "16301765"]
[BlackFideId "8615250"]
[EventDate "2018.12.25"]

1. d4 Nf6 2. c4 e6 3. Nf3 d5 4. Nc3 Bb4 5. Bg5 O-O 6. e3 Nbd7 7. Bd3 dxc4 8.
Bxc4 c5 9. O-O cxd4 10. Qxd4 h6 11. Bh4 Bc5 12. Qd3 b6 13. Rfd1 Bb7 14. Qe2 Qc8
15. Rac1 Bxf3 16. gxf3 a6 17. Bg3 Qb7 18. Bd3 Be7 19. Ne4 Nc5 20. Nxc5 bxc5 21.
b3 a5 22. Bb5 Rfd8 23. a4 Nd5 24. e4 Nb4 25. Rxd8+ Rxd8 26. Rd1 Qc8 27. Rd2 Bf6
28. Qd1 Rxd2 29. Qxd2 Bd4 30. Qe2 Qd8 31. Kg2 h5 32. Qd2 h4 33. Bf4 Qe7 34. Bg5
Bf6 35. Be3 Qc7 36. Qd7 Qxd7 37. Bxd7 Be7 38. Bf4 Bd8 39. Bd6 Bb6 40. Bb5 f6 41.
Bc4 Kf7 42. f4 Nc6 43. f5 Ne7 44. fxe6+ Ke8 45. Kh3 Nc8 46. Bb8 Ke7 47. Kxh4 Nd6
48. Bxd6+ Kxd6 49. Kh5 g5 50. Kg6 Ke7 51. e5 fxe5 52. Kxg5 Bd8 53. Kf5 Kd6 54.
Kg6 Bh4 55. f3 Ke7 56. Kf5 Bf6 57. h3 Bh4 58. Kxe5 Bf2 59. Kf5 Be1 60. Kg5 Bc3
61. h4 Bf6+ 62. Kg4 Kf8 63. h5 Kg7 64. Kf5 Be7 65. Bb5 Kh6 66. Be8 Kg7 67. Ke5
Bf8 68. Kd5 Kf6 69. Bf7 Kg5 70. Kc6 Be7 71. Kb5 Bd8 72. Kxc5 Be7+ 73. Kc6 Bf8
74. Kd7 Kf6 75. h6 Bxh6 76. e7 Kxf7 77. e8=Q+ 1-0

[Event "1st Binhai Cup 2018"]
[Site "Tianjin CHN"]
[Date "2018.12.26"]
[Round "2.25"]
[White "Yu, Lei"]
[Black "Sun, Jihan"]
[Result "1-0"]
[WhiteElo "2074"]
[BlackElo "1518"]
[WhiteFideId "8620733"]
[BlackFideId "8618992"]
[EventDate "2018.12.25"]

1. d4 Nf6 2. Bg5 d5 3. Bxf6 exf6 4. e3 c6 5. c4 Bb4+ 6. Nd2 O-O 7. a3 Bd6 8.
cxd5 cxd5 9. Ne2 Bd7 10. Nc3 Bc6 11. Bd3 g6 12. Qf3 Bc7 13. h4 h5 14. Rc1 Kg7
15. g4 hxg4 16. Qxg4 Bd7 17. Qg2 Be6 18. Rg1 f5 19. h5 g5 20. h6+ Kxh6 21. Qh3+
Kg6 22. Nf3 f6 23. Rh1 Kf7 24. Bxf5 Bxf5 25. Qxf5 Rg8 26. Rh7+ Kf8 27. Qe6 1-0

[Event "1st Binhai Cup 2018"]
[Site "Tianjin CHN"]
[Date "2018.12.26"]
[Round "2.26"]
[White "Wang, Puxuan"]
[Black "Wang, Zideng"]
[Result "0-1"]
[BlackTitle "CM"]
[WhiteElo "1270"]
[BlackElo "2068"]
[WhiteFideId "8625050"]
[BlackFideId "8614350"]
[EventDate "2018.12.25"]

1. d4 Nf6 2. e3 d5 3. Bd3 c5 4. c3 cxd4 5. exd4 Qc7 6. Nf3 Nc6 7. Nbd2 Bg4 8.
O-O e6 9. Qe1 Bd6 10. h3 Bh5 11. Be2 O-O 12. Nb3 Rae8 13. Ng5 Bg6 14. Qd2 h6 15.
Nf3 e5 16. dxe5 Nxe5 17. Nxe5 Rxe5 18. Nd4 Rfe8 19. Qd1 R5e7 20. Be3 a6 21. Bf3
Rxe3 22. fxe3 Qe7 23. Re1 Qe5 24. Qd2 Qh2+ 25. Kf1 Ne4 26. Qc1 Ng5 27. Qd2 Bg3
28. Rec1 Nxf3 29. Nxf3 Qh1+ 30. Ng1 Re6 31. Ke2 Qxg2+ 32. Kd1 Qf1+ 33. Qe1 Qxe1# 0-1

[Event "1st Binhai Cup 2018"]
[Site "Tianjin CHN"]
[Date "2018.12.27"]
[Round "3.1"]
[White "Zeng, Chongsheng"]
[Black "Sethuraman, S.P."]
[Result "1-0"]
[WhiteTitle "GM"]
[BlackTitle "GM"]
[WhiteElo "2535"]
[BlackElo "2664"]
[WhiteFideId "8603847"]
[BlackFideId "5021596"]
[EventDate "2018.12.25"]

1. e4 d6 2. d4 Nf6 3. Nc3 g6 4. f4 Bg7 5. Bd3 Nc6 6. Nf3 Bg4 7. Be3 e5 8. dxe5
dxe5 9. Qd2 Nh5 10. f5 Bxf3 11. gxf3 Qh4+ 12. Qf2 Qxf2+ 13. Kxf2 O-O-O 14. Nd5
gxf5 15. Rhg1 h6 16. c3 Bf8 17. Ke2 fxe4 18. Bxe4 Ne7 19. Rad1 Nxd5 20. Bxd5 Bc5
21. Bxc5 Nf4+ 22. Ke3 Nxd5+ 23. Ke4 Rhe8 24. c4 Nf6+ 25. Kf5 Nd7 26. Bf2 e4 27.
fxe4 Re5+ 28. Kf4 Rde8 29. Rge1 R8e6 30. Rd4 b6 31. Bg3 Rf6+ 32. Ke3 Re8 33.
Red1 Nc5 34. b4 Na4 35. Rd7 Rc6 36. Rxf7 Rxc4 37. Rdd7 Rc3+ 38. Kd2 Rd8 39.
Rxd8+ Kxd8 40. e5 Rc6 41. Kd3 b5 42. Rh7 Nb6 43. Ke4 Rc4+ 44. Kf5 Kc8 45. a3 Nd5
46. Rxh6 Ne3+ 47. Kg5 Kd7 48. Ra6 Nd5 49. Rxa7 Ke6 50. Ra6+ c6 51. Ra8 Nc3 52.
Re8+ Kf7 53. Rd8 Ke7 54. Rd3 Ne2 55. Re3 Nd4 56. e6 c5 57. Bd6+ Kxd6 58. e7 Nf3+
59. Kg6 Rg4+ 60. Kf5 Rg8 61. bxc5+ Kd7 62. c6+ Ke8 63. c7 Rg5+ 64. Kf4 Rc5 65.
Kxf3 Rxc7 66. h4 Rc4 67. h5 b4 68. axb4 Rxb4 69. Re6 Rh4 70. h6 Rh1 71. Kg4 Rg1+
72. Kf5 Rf1+ 73. Kg6 Rg1+ 74. Kf6 Rf1+ 75. Kg7 Rf7+ 76. Kg6 Rf1 77. h7 Rg1+ 78.
Kf6 Rh1 79. Kg7 1-0

[Event "1st Binhai Cup 2018"]
[Site "Tianjin CHN"]
[Date "2018.12.27"]
[Round "3.2"]
[White "Lu, Shanglei"]
[Black "Liu, Yan"]
[Result "1-0"]
[WhiteTitle "GM"]
[BlackTitle "GM"]
[WhiteElo "2636"]
[BlackElo "2495"]
[WhiteFideId "8603332"]
[BlackFideId "8608962"]
[EventDate "2018.12.25"]

1. e4 e5 2. Nf3 Nc6 3. Bc4 Nf6 4. d3 Bc5 5. c3 d6 6. h3 h6 7. Nbd2 a6 8. a4 Ba7
9. a5 O-O 10. O-O Ne7 11. Re1 Ng6 12. d4 c6 13. Bf1 Re8 14. Qc2 Nh5 15. b4 Qf6
16. Bb2 Nhf4 17. Rad1 h5 18. c4 exd4 19. c5 dxc5 20. bxc5 Ne6 21. Nb3 Ne5 22.
Nfxd4 Nxd4 23. Nxd4 Bb8 24. Nf5 Qg5 25. Re3 Bxf5 26. exf5 Bc7 27. g3 Rad8 28. f4
Nf3+ 29. Rxf3 Bxf4 30. Rxd8 Be3+ 31. Kh1 Rxd8 32. h4 Qh6 33. f6 Rd2 34. Qe4 Rxb2
35. Qe8+ 1-0

[Event "1st Binhai Cup 2018"]
[Site "Tianjin CHN"]
[Date "2018.12.27"]
[Round "3.3"]
[White "Idani, Pouya"]
[Black "Zhao, Chenxi"]
[Result "1-0"]
[WhiteTitle "GM"]
[WhiteElo "2611"]
[BlackElo "2328"]
[WhiteFideId "12510130"]
[BlackFideId "8611513"]
[EventDate "2018.12.25"]

1. Nf3 Nf6 2. c4 e6 3. g3 d5 4. Bg2 Be7 5. O-O O-O 6. b3 dxc4 7. bxc4 c5 8. Bb2
Nc6 9. Ne5 Nxe5 10. Bxe5 Nd7 11. Bc3 Rb8 12. a4 Bf6 13. Bxf6 Qxf6 14. Nc3 Ne5
15. Ne4 Qe7 16. d3 Nc6 17. a5 Rd8 18. Qd2 e5 19. Nc3 Nd4 20. Rfb1 Be6 21. Rb2
Qc7 22. Rab1 Qxa5 23. e3 Nf5 24. Qc2 a6 25. Bxb7 Ne7 26. Rb6 h6 27. Rxa6 Qc7 28.
Be4 Rxb1+ 29. Qxb1 Rb8 30. Nb5 Bc8 31. Qa1 Qd8 32. Rd6 1-0

[Event "1st Binhai Cup 2018"]
[Site "Tianjin CHN"]
[Date "2018.12.27"]
[Round "3.4"]
[White "Dai, Changren"]
[Black "Zhao, Jun"]
[Result "0-1"]
[WhiteTitle "IM"]
[BlackTitle "GM"]
[WhiteElo "2464"]
[BlackElo "2607"]
[WhiteFideId "8608156"]
[BlackFideId "8602522"]
[EventDate "2018.12.25"]

1. e4 Nf6 2. e5 Nd5 3. d4 d6 4. c4 Nb6 5. exd6 cxd6 6. Nc3 g6 7. Be3 Bg7 8. Nf3
O-O 9. Rc1 Bg4 10. d5 e6 11. dxe6 Bxe6 12. b3 Nc6 13. Nb5 d5 14. c5 d4 15. Nbxd4
Nxd4 16. Bxd4 Nd5 17. Bxg7 Kxg7 18. Qd4+ Kg8 19. Be2 Qa5+ 20. Qd2 Qxd2+ 21. Nxd2
Rfd8 22. Bf3 Rac8 23. O-O Nb4 24. Ne4 Nxa2 25. Ra1 Bxb3 26. Nd6 Rc7 27. Rfb1 Be6
28. Nxb7 Rd4 29. c6 Nb4 30. Ra4 Nxc6 31. Bxc6 Rxa4 32. Bxa4 Ba2 33. Rd1 Rxb7 34.
Rd8+ Kg7 35. h3 h5 36. Bc6 Rb1+ 37. Kh2 Be6 38. Rd4 a5 39. Bd5 Rb4 40. Rd1 Rb6
41. Bxe6 Rxe6 42. Ra1 Ra6 43. Ra4 Kf6 44. Kg3 Ke5 45. f4+ Kd5 46. f5 Kc5 47. Kf4
Kb5 48. Ra1 a4 49. Rb1+ Kc4 0-1

[Event "1st Binhai Cup 2018"]
[Site "Tianjin CHN"]
[Date "2018.12.27"]
[Round "3.5"]
[White "Liu, Guanchu"]
[Black "Tabatabaei, M.amin"]
[Result "1/2-1/2"]
[WhiteTitle "IM"]
[BlackTitle "GM"]
[WhiteElo "2432"]
[BlackElo "2587"]
[WhiteFideId "8603901"]
[BlackFideId "12521213"]
[EventDate "2018.12.25"]

1. e4 e5 2. Nf3 Nc6 3. Nc3 Nf6 4. d4 exd4 5. Nxd4 Bb4 6. Nxc6 bxc6 7. Bd3 d5 8.
exd5 O-O 9. O-O cxd5 10. Bg5 Be6 11. Qf3 Be7 12. h3 h6 13. Bh4 Rb8 14. b3 Rb4
15. Bg3 Bd6 16. a3 Rb7 17. Rfe1 Bxg3 18. Qxg3 c5 19. Qf3 Rb8 20. Bf5 Qd7 21.
Bxe6 fxe6 22. Qe2 Rbe8 23. Rad1 Qf7 24. Na4 Nh5 25. Nxc5 Nf4 26. Qg4 Nxh3+ 27.
Qxh3 Qxf2+ 28. Kh1 Qxc5 29. Rxe6 Qxc2 30. Rxd5 Qc1+ 31. Kh2 Qf4+ 32. Kh1 Rc8 33.
Re1 Rc2 34. Rde5 Rf2 35. b4 Rf6 36. R5e4 Qd2 37. Qb3+ Kh7 38. Qb1 R6f5 39. Re5
Qg5 40. Qe4 Rf4 41. Qc2 Qg3 42. Kg1 h5 43. R5e3 Qg6 44. Re6 Qg3 45. R6e3 Qh4 46.
Re4 g6 47. Qe2 Rxe4 48. Qxe4 Qf2+ 49. Kh1 Rf4 50. Qe7+ Rf7 51. Qe3 Qb2 52. Kg1
Qf6 53. b5 h4 54. a4 Qf5 55. Kh2 1/2-1/2

[Event "1st Binhai Cup 2018"]
[Site "Tianjin CHN"]
[Date "2018.12.27"]
[Round "3.6"]
[White "Huang, Renjie"]
[Black "Ganguly, Surya Shekhar"]
[Result "0-1"]
[BlackTitle "GM"]
[WhiteElo "2328"]
[BlackElo "2621"]
[WhiteFideId "8610134"]
[BlackFideId "5002150"]
[EventDate "2018.12.25"]

1. e4 e5 2. Nf3 Nc6 3. Bc4 Nf6 4. d3 h6 5. c3 d6 6. Nbd2 g6 7. d4 Bg7 8. dxe5
dxe5 9. Bb5 O-O 10. Bxc6 bxc6 11. O-O Re8 12. Re1 Qd3 13. Qa4 Qb5 14. Qc2 a5 15.
b3 a4 16. c4 Qc5 17. Bb2 Nh5 18. Bc3 Nf4 19. b4 Qd6 20. a3 Bg4 21. Re3 Qe6 22.
Ne1 Qf6 23. f3 Be6 24. Nd3 Qg5 25. Nxf4 exf4 26. Re2 Be5 27. Qb2 f6 28. Rc1 Red8
29. Nb1 Rd3 30. Rd2 Rxf3 31. Bxe5 fxe5 32. h4 Qg4 33. Qxe5 Rg3 34. Nc3 f3 35.
Rcc2 Bxc4 36. Qf6 Rf8 37. Qxc6 f2+ 0-1

[Event "1st Binhai Cup 2018"]
[Site "Tianjin CHN"]
[Date "2018.12.27"]
[Round "3.7"]
[White "Chigaev, Maksim"]
[Black "Xiao, Yiyi"]
[Result "0-1"]
[WhiteTitle "GM"]
[BlackTitle "WFM"]
[WhiteElo "2606"]
[BlackElo "2295"]
[WhiteFideId "4108116"]
[BlackFideId "8606161"]
[EventDate "2018.12.25"]

1. d4 d5 2. Bf4 Nf6 3. e3 c5 4. c3 Nc6 5. Nd2 Qb6 6. Qb3 Bf5 7. dxc5 Qxb3 8.
axb3 e5 9. Bg3 Bxc5 10. b4 Bd6 11. Be2 Ke7 12. Ngf3 a6 13. O-O Rhd8 14. h3 h6
15. Nb3 Ne4 16. Bh2 Be6 17. Nfd2 f5 18. f4 Nxd2 19. Nxd2 e4 20. Nb3 Kd7 21. g4
g6 22. Rf2 Rg8 23. Rg2 g5 24. Rd1 gxf4 25. Bxf4 fxg4 26. hxg4 Rg6 27. Bxd6 Kxd6
28. Nc5 Rag8 29. Nxe4+ Kc7 30. Nc5 Bxg4 31. Rxg4 Rxg4+ 32. Bxg4 Rxg4+ 33. Kf2
Ne7 34. Ne6+ Kd6 35. Nf4 Kc6 36. Kf3 Rg5 37. Ne6 Rf5+ 38. Ke2 Rh5 39. Rf1 Rh2+
40. Kd3 Kd6 41. Nc5 Ke5 42. Nxb7 Rxb2 43. Ra1 Nf5 44. Rxa6 h5 45. Nc5 Ng3 46.
Nd7+ Kf5 47. Ra5 h4 48. Rxd5+ Ke6 49. Rd4 h3 50. Nc5+ Ke7 51. Ne4 Nf5 52. Rd5 h2
53. Re5+ Kd8 54. Rxf5 h1=Q 55. Kd4 Qd1+ 56. Kc5 Qe2 57. Rd5+ Kc7 58. Kd4 Rb1 0-1

[Event "1st Binhai Cup 2018"]
[Site "Tianjin CHN"]
[Date "2018.12.27"]
[Round "3.8"]
[White "Maisuradze, Nino"]
[Black "Fier, Alexandr"]
[Result "0-1"]
[WhiteTitle "WGM"]
[BlackTitle "GM"]
[WhiteElo "2248"]
[BlackElo "2558"]
[WhiteFideId "13601717"]
[BlackFideId "2107139"]
[EventDate "2018.12.25"]

1. b3 e5 2. Bb2 Nc6 3. e3 d5 4. Bb5 Bd6 5. f4 f6 6. fxe5 fxe5 7. Nf3 Qe7 8.
Bxc6+ bxc6 9. Nxe5 Qg5 10. Nf3 Qxg2 11. Rg1 Qh3 12. Bxg7 Bxh2 13. Kf2 Nf6 14.
Bxh8 Ne4+ 15. Ke2 Bxg1 16. Qxg1 Bg4 17. Nc3 Qxf3+ 18. Kd3 Nc5+ 19. Kd4 Ne6+ 20.
Ke5 Qf5# 0-1

[Event "1st Binhai Cup 2018"]
[Site "Tianjin CHN"]
[Date "2018.12.27"]
[Round "3.9"]
[White "Xu, Yinglun"]
[Black "Wang, Shixu B"]
[Result "1-0"]
[WhiteTitle "GM"]
[WhiteElo "2531"]
[BlackElo "2342"]
[WhiteFideId "8604940"]
[BlackFideId "8610665"]
[EventDate "2018.12.25"]

1. d4 Nf6 2. c4 e6 3. Nf3 d5 4. Nc3 Be7 5. Qc2 O-O 6. Bg5 c6 7. e3 Nbd7 8. Rd1
b6 9. cxd5 cxd5 10. Bd3 Bb7 11. O-O h6 12. Bh4 Rc8 13. Qb1 Ne8 14. Bg3 Nd6 15.
Rc1 Nf6 16. Nd2 Qd7 17. a4 Nc4 18. Nf3 Bd6 19. Qa2 Bxg3 20. hxg3 Qe7 21. Bxc4
dxc4 22. Ne5 Qb4 23. Nb5 a6 24. Qa3 Qxa3 25. Nxa3 Nd5 26. Naxc4 Rfd8 27. a5 b5
28. Nb6 Nxb6 29. axb6 f6 30. Nd3 Rxc1 31. Rxc1 Rd6 32. Rc7 Rxb6 33. Nc5 Bd5 34.
b4 Rd6 35. Ra7 Bc4 36. Rxa6 Rxa6 37. Nxa6 Kf7 38. Nc5 h5 39. f3 Ke7 40. Ne4 Bd3
41. Nc5 Bc4 42. Kf2 Kd6 43. Ne4+ Kc6 44. Nc3 Kd6 45. Ne2 e5 46. dxe5+ Kxe5 47.
Nf4 Bf7 48. Ke2 g5 49. Nd3+ Kd5 50. Nb2 Bg6 51. Kd2 f5 52. Kc3 Be8 53. Nd1 Ke5
54. Kd3 Bc6 55. Nc3 g4 56. Ke2 Kf6 57. Kf2 Ke5 58. f4+ Ke6 59. e4 Bxe4 60. Nxb5
Kd7 61. Nd4 Kd6 62. Ke3 Kd5 63. b5 Kc5 64. Ne6+ Kxb5 65. Kd4 Bxg2 66. Ng7 Kc6
67. Ke5 Be4 68. Nxh5 Kc5 69. Ng7 Kc4 70. Nxf5 Kd3 71. Nh6 Bf3 72. f5 1-0

[Event "1st Binhai Cup 2018"]
[Site "Tianjin CHN"]
[Date "2018.12.27"]
[Round "3.10"]
[White "Li, Yunshan"]
[Black "Peng, Xiongjian"]
[Result "0-1"]
[WhiteTitle "WFM"]
[WhiteElo "2196"]
[BlackElo "2438"]
[WhiteFideId "8607664"]
[BlackFideId "8610550"]
[EventDate "2018.12.25"]

1. d4 d6 2. Nf3 Nf6 3. c4 g6 4. Nc3 Bf5 5. g3 Ne4 6. Nxe4 Bxe4 7. Bg2 d5 8. O-O
Bg7 9. Bf4 Nc6 10. Qa4 O-O 11. Rfd1 e6 12. cxd5 exd5 13. Rac1 Re8 14. h4 Rb8 15.
b4 a6 16. Be3 Ne7 17. Bf4 Nc6 18. Be3 Na7 19. Bf4 Nb5 20. Qa5 Re7 21. Bg5 f6 22.
Bf4 Ra8 23. Qa4 h6 24. Qb3 g5 25. hxg5 hxg5 26. Be3 c6 27. Nd2 Bg6 28. Re1 Nd6
29. f3 Qe8 30. Nf1 Nf5 31. Rc3 Nxe3 32. Rxe3 f5 33. Rd1 f4 34. Rxe7 Qxe7 35. e4
fxe3 36. Nxe3 Re8 37. Kf2 Qe6 38. Qc3 Rf8 39. Kg1 Re8 40. Kf2 a5 41. Re1 axb4
42. Qxb4 Qe7 43. Qxe7 Rxe7 44. Rd1 b5 45. Bh3 Ra7 46. Rd2 Bb1 47. f4 gxf4 48.
gxf4 b4 49. Be6+ Kf8 50. Rd1 Rxa2+ 51. Kf3 Be4+ 52. Kg4 b3 53. Bf5 b2 54. Bxe4
dxe4 55. Nc4 Bxd4 56. Kf5 e3 57. Ke4 e2 58. Rh1 Ra1 0-1

[Event "1st Binhai Cup 2018"]
[Site "Tianjin CHN"]
[Date "2018.12.27"]
[Round "3.11"]
[White "Batchuluun, Tsegmed"]
[Black "Bai, Xue"]
[Result "1/2-1/2"]
[WhiteTitle "GM"]
[WhiteElo "2567"]
[BlackElo "2133"]
[WhiteFideId "4900847"]
[BlackFideId "8608717"]
[EventDate "2018.12.25"]

1. d4 Nf6 2. c4 e6 3. Nc3 d5 4. Bg5 Be7 5. e3 O-O 6. Nf3 h6 7. Bh4 Nbd7 8. Qc2
dxc4 9. Bxc4 Nb6 10. Be2 Nfd5 11. Bxe7 Qxe7 12. O-O Nxc3 13. bxc3 c5 14. a4 cxd4
15. cxd4 Bd7 16. a5 Nd5 17. Qb2 Rab8 18. Rfc1 Qd6 19. Ne5 Rfd8 20. e4 Nf4 21.
Bf1 Bc6 22. f3 f6 23. Nxc6 bxc6 24. Qf2 Rb4 25. g3 Ng6 26. Rc4 Rxc4 27. Bxc4 Kh7
28. a6 Nf8 29. Rd1 Nd7 30. Qc2 Kh8 31. Be2 Rc8 32. e5 Qe7 33. f4 Nb6 34. Qc5 Qd7
35. exf6 gxf6 36. Bf3 Kg7 37. Rc1 Rd8 38. Rd1 Rc8 39. Rb1 Kg6 40. Kf2 Kg7 41.
Be4 Rc7 42. Rc1 Qc8 43. Qd6 Rf7 44. Rxc6 Qxa6 45. Qxe6 Qa1 46. Rd6 Qb2+ 47. Kf3
h5 48. Bd5 Nxd5 49. Rxd5 Qxh2 50. Rd7 Qh1+ 51. Kf2 Qh2+ 52. Kf3 Qh1+ 53. Kf2
Qh2+ 54. Kf3 Qh1+ 1/2-1/2

[Event "1st Binhai Cup 2018"]
[Site "Tianjin CHN"]
[Date "2018.12.27"]
[Round "3.12"]
[White "Sivuk, Vitaly"]
[Black "Li, Haoyu B."]
[Result "1-0"]
[WhiteTitle "GM"]
[WhiteElo "2542"]
[BlackElo "2100"]
[WhiteFideId "14116502"]
[BlackFideId "8610169"]
[EventDate "2018.12.25"]

1. d4 Nf6 2. c4 e6 3. Nf3 d5 4. g3 Bb4+ 5. Bd2 Be7 6. Bg2 O-O 7. O-O Nbd7 8. Qb3
c6 9. Rc1 b6 10. cxd5 cxd5 11. Na3 Ba6 12. Nb5 Bxb5 13. Qxb5 Bd6 14. Rc6 Ne4 15.
Be1 Qe7 16. Rac1 Rfd8 17. Nd2 Nef6 18. e3 g6 19. Bf1 e5 20. Bh3 e4 21. Nb1 Nf8
22. Nc3 Ne6 23. Qb3 Nc7 24. Nb5 Nxb5 25. Qxb5 Rab8 26. a3 Rb7 27. Qa6 Rdb8 28.
Bc8 Rc7 29. Rxc7 Bxc7 30. Bb4 Bd6 31. Bxd6 Qxd6 32. Qxa7 b5 33. b4 Kg7 34. Rc7
Rxc8 35. Rxc8 Ng4 36. Qc5 Qe6 37. h3 Nxf2 38. Qf8+ Kf6 39. Kxf2 Qf5+ 40. Ke1
Qxh3 41. Rc6+ Kg5 42. Qxf7 Qxg3+ 43. Qf2 Qh3 44. Rc7 h6 45. Rc5 1-0